| 000 | 00869nam a22002895i 4500 | ||
|---|---|---|---|
| 001 | 18094450 | ||
| 003 | OSt | ||
| 005 | 20190507093227.0 | ||
| 008 | 140331s2014 cau 000 0 eng | ||
| 010 | _a 2014937039 | ||
| 020 | _a9781446282106 (p) | ||
| 040 |
_aDLC _beng _erda _cDLC |
||
| 042 | _apcc | ||
| 050 |
_aHD2321 _b.D53 2015 |
||
| 100 | 1 | _aDicken, Peter. | |
| 245 | 1 | 0 |
_aGlobal shift : _bmapping the changing contours of the world economy / _cPeter Dicken. |
| 250 | _a7th edition. | ||
| 260 |
_aWashington DC: _bSage; _c2015 |
||
| 263 | _a1412 | ||
| 300 |
_a618 pages cm _bcol ill.: _c618p. |
||
| 500 | _aIncludes bibliographic details and index | ||
| 650 |
_aIndustries _vHistory _x20th century. |
||
| 650 | _aInternational economic relations. | ||
| 906 |
_a0 _bibc _corignew _d2 _eepcn _f20 _gy-gencatlg |
||
| 942 |
_2lcc _cBK |
||
| 999 |
_c54129 _d54129 |
||